Spatial statistics and computational methods

Αποθηκεύτηκε σε:
Λεπτομέρειες βιβλιογραφικής εγγραφής
Άλλοι συγγραφείς: Moller, Jesper (Επιμελητής έκδοσης)
Μορφή: Βιβλίο
Γλώσσα:English
Δημοσίευση: New York : Springer, 2003
Σειρά:Lecture notes in statistics (Springer-Verlag) ; 173
Θέματα:
Ετικέτες: Προσθήκη ετικέτας
Δεν υπάρχουν, Καταχωρήστε ετικέτα πρώτοι!

MARC

LEADER 00000nam a2200000 i 4500
001 1/47936
008 070710s2003 eng d
020 |a 0-387-00136-0 
035 |l 10088779 
040 |a GR-MY-UA  |b gre  |e aacr 
041 0 |a eng 
082 0 |a 910.015195  |2 (22) 
245 1 0 |a Spatial statistics and computational methods /  |c Jesper Moller (editor) 
260 |a New York :   |b Springer,   |c 2003 
300 |a xiv, 202 σ.;  |b εικ.;  |c 24 εκ. 
490 1 |a Lecture notes in statistics  |v ; 173 
504 |a Περιέχει βιβλιογραφικές παραπομπές και ευρετήριο 
650 0 0 |a Geography  |x Statistical methods. 
650 0 0 |a Spatial analysis (Statistics) 
700 1 |a Moller, Jesper.  |4 edt 
830 0 |a Lecture notes in statistics (Springer-Verlag)  |v ; 173 
852 |a INST  |b LESVOS  |e 20070710  |h 910.015195 SPA  |p 005100041539  |q 005100041539  |t BK  |y 0 
901 |a BIBL1-2007-2 
909 |a Λ  |b 135610 
922 |a 1ΕΛΗ  |b 200706  |c ΕΠΕΑΕΚ2/ΤΓ  |d ΠΑΠΑΣΩΤΗΡΙΟΥ 
970 |a ΚΑΡΑ  |b ΓΙΑΣΕΜΗ  |z 2007/07/10